Encyclopedia of military science / (Record no. 8309)
[ view plain ]
| 000 -LEADER | |
|---|---|
| fixed length control field | 00672cam a2200181 i 4500 |
| 001 - CONTROL NUMBER | |
| control field | 17690552 |
| 005 - DATE AND TIME OF LATEST TRANSACTION | |
| control field | 20251121150009.0 |
| 008 - FIXED-LENGTH DATA ELEMENTS--GENERAL INFORMATION | |
| fixed length control field | 130409s2013 cauab be 001 0 eng |
| 020 ## - INTERNATIONAL STANDARD BOOK NUMBER | |
| International Standard Book Number | 9781412969338 |
| Qualifying information | set : hardcover |
| 050 00 - LIBRARY OF CONGRESS CALL NUMBER | |
| Classification number | U24 |
| Item number | .E526 2013 |
| 082 00 - DEWEY DECIMAL CLASSIFICATION NUMBER | |
| Classification number | 355.003 |
| Edition information | 23 |
| 245 00 - TITLE STATEMENT | |
| Title | Encyclopedia of military science / |
| Statement of responsibility, etc. | editor, G. Kurt Piehler, Florida State University ; associate editor, M. Houston Johnson V, Virginia Military Institute. |
| 300 ## - PHYSICAL DESCRIPTION | |
| Extent | 4 volumes (xxxv, 1824 pages) : |
| Other physical details | illustrations, maps ; |
| Dimensions | 29 cm |
| 650 #0 - SUBJECT ADDED ENTRY--TOPICAL TERM | |
| Topical term or geographic name entry element | Military art and science |
| Form subdivision | Encyclopedias. |
| 700 1# - ADDED ENTRY--PERSONAL NAME | |
| Personal name | Piehler, G. Kurt. |
| 700 1# - ADDED ENTRY--PERSONAL NAME | |
| Personal name | Johnson, M. Houston, |
| Titles and other words associated with a name | V. |
| 942 ## - ADDED ENTRY ELEMENTS (KOHA) | |
| Source of classification or shelving scheme | Library of Congress Classification |
| Koha item type | Books |
| Suppress in OPAC | No |
| 999 ## - | |
| -- | 8309 |
| -- | 8309 |
| Withdrawn status | Lost status | Source of classification or shelving scheme | Damaged status | Not for loan | Collection | Home library | Current library | Shelving location | Date acquired | Total checkouts | Full call number | Barcode | Date last seen | Copy number | Price effective from | Koha item type |
|---|---|---|---|---|---|---|---|---|---|---|---|---|---|---|---|---|
| Library of Congress Classification | Non-fiction | Business Library (Miotso) | Business Library (Miotso) | General stacks | 03/27/2026 | U24.E526 ENC | BSSM00003775 | 04/24/2026 | 3 | 03/27/2026 | Books | |||||
| Library of Congress Classification | Non-fiction | Business Library (Miotso) | Business Library (Miotso) | General stacks | 03/27/2026 | U24.E526 ENC | BSSM00003776 | 04/24/2026 | 4 | 03/27/2026 | Books | |||||
| Library of Congress Classification | Non-fiction | Undergraduate Library (Christ Temple) | Undergraduate Library (Christ Temple) | General stacks | 11/21/2025 | U24.E526 ENC | ulct00005171 | 11/21/2025 | 1 | 11/21/2025 | Books | |||||
| Library of Congress Classification | Non-fiction | Undergraduate Library (Christ Temple) | Undergraduate Library (Christ Temple) | General stacks | 11/21/2025 | U24.E526 ENC | ulct00005173 | 11/21/2025 | 2 | 11/21/2025 | Books |